000 00663nam a22002417a 4500
005 20230807113728.0
008 180724b xxu||||| |||| 00| 0 eng d
020 _a9780670088799
_cRs 599
040 _beng
041 _aEnglish
082 _a920
_bNIV-SOM
100 _aSom, Reba
245 _aMargot
_bSister Nivedita of Vivekananda
_cReba Som
260 _aGurgaon
_bPenguin Viking
_c2017
300 _axxviii,291p
_b24 cm
504 _aIncludes references and index
600 _aNoble, Margaret Elizabeth
_d1867-1911
600 _aNivedita (Sister)
_d1867-1911
650 _aBiography
650 _aAdvaita Vedanta
850 _aLCLIB
942 _cBK
999 _c41714
_d92193